000 00720nam a2200217Ia 4500
003 GCL
008 140319s9999 xx 000 0 ara d
040 _aGCL /
_cGCL
082 0 4 _a811.9
_bع د
100 1 _aعبداللطيف فتح الله
245 1 0 _aديوان المفتى عبداللطيف فتح الله /
_cعبداللطيف فتح الله
700 1 _aمحمد الحجيرى
700 1 _aزهير فتح الله (تحقيق)
260 _a[S.N] :
_bفرانز شتاينر بفيسبادن ،
_c1984
490 _a
650 0 4 _aالشعر العربى
650 0 4 _aالادب العربى
650 0 4 _aالعصر الحديث
650 0 4 _aدواوين وقصائد
942 _2ddc
_cBK
999 _c35087
_d35087